Multifunkčný objekt v zóne Kamenného námestia v Bratislave

Saved in:
Bibliographic Details
Main Author: Sandtnerová, Patrícia (Author)
Other Authors: Bogár, Michal (Thesis advisor)
Format: Manuscript Book
Language:Slovak
Published: 2025
Subjects:
Online Access:http://is.stuba.sk/zp/portal_zp.pl?podrobnosti=185309
Tags: Add Tag
No Tags, Be the first to tag this record!

MARC

LEADER 00000ntm a22000003a 4500
001 stuzp104274
003 SK-STU
005 20250607210454.4
007 ta
008 150427s2015----xo-----f-mn---000-0-slo-d
040 |a STU  |b slo 
041 0 |a slo 
100 1 |a Sandtnerová, Patrícia  |u 054140  |4 aut  |U FAD Fakulta architektúry a dizajnu  |T FAD Ústav konštrukcií v architektúre a inžinierskych stavieb  |X 103582  |U A4140  |Y 395  |7 103582 
242 0 1 |a Multifunctional building in the zone of Kamenne square in Bratislava  |y eng 
245 1 0 |a Multifunkčný objekt v zóne Kamenného námestia v Bratislave 
260 |c 2025 
650 4 |a public space  |2 eng 
650 4 |a multifunctional building  |2 eng 
650 4 |a urban revitalization  |2 eng 
650 4 |a multifunkčný objekt  |2 slo 
650 4 |a urbanistická revitalizácia  |2 slo 
650 4 |a verejný priestor  |2 slo 
700 1 |a Bogár, Michal  |u 054140  |k Z8  |4 ths  |U FAD Fakulta architektúry a dizajnu  |T FAD Ústav konštrukcií v architektúre a inžinierskych stavieb  |X 71161  |U A4140  |Y 395  |7 A000071161 
856 4 |u http://is.stuba.sk/zp/portal_zp.pl?podrobnosti=185309